[Event "Winnipeg TNT February op"]
[Site "Winnipeg"]
[Date "2014.02.25"]
[Round "4.4"]
[White "Raihman, Daniel"]
[Black "Baron, Gustav L"]
[Result "1-0"]
[WhiteElo "1675"]
[BlackElo "1898"]
[PlyCount "53"]
[EventDate "2014.02.04"]
[EventType "swiss"]
[EventRounds "4"]
[EventCountry "CAN"]
[SourceTitle "EXT 2022"]
[Source "ChessBase"]
[SourceDate "2021.10.06"]
[SourceVersion "1"]
[SourceVersionDate "2021.10.06"]
[SourceQuality "1"]

1. e4 c6 2. d4 d5 3. Nc3 dxe4 4. Nxe4 Nf6 5. Nxf6+ exf6 6. Be3 Bf5 7. Bd3 Qd7 8. Ne2 Bd6 9. Nc3 0-0 10. Ne4 Bxe4 11. Bxe4 f5 12. Bd3 f4 13. Bd2 Re8+ 14. Kf1 Qc7 15. Qh5 h6 16. g3 Nd7 17. Qf5 g6 18. Qh3 h5 19. gxf4 Nf8 20. f5 Bf4 21. Bc3 Qd6 22. Rg1 g5 23. Qxh5 f6 24. h4 b5 25. hxg5 Bxg5 26. Bd2 Nh7 27. f4 1-0

[Event "Winnipeg TNT February op"]
[Site "Winnipeg"]
[Date "2014.02.18"]
[Round "3.4"]
[White "Raihman, Daniel"]
[Black "Atem, James"]
[Result "1-0"]
[WhiteElo "1675"]
[BlackElo "1918"]
[PlyCount "149"]
[EventDate "2014.02.04"]
[EventType "swiss"]
[EventRounds "4"]
[EventCountry "CAN"]
[SourceTitle "EXT 2022"]
[Source "ChessBase"]
[SourceDate "2021.10.06"]
[SourceVersion "1"]
[SourceVersionDate "2021.10.06"]
[SourceQuality "1"]

1. e4 d6 2. d4 e6 3. Nc3 c6 4. Be3 Bd7 5. Qd2 Be7 6. Bd3 Nf6 7. h3 a6 8. Nge2 Qa5 9. 0-0 c5 10. f4 b5 11. e5 cxd4 12. exf6 dxe3 13. fxg7 Rg8 14. Qxe3 Bf6 15. Bxh7 Rxg7 16. Bd3 Nc6 17. Ne4 Be7 18. Nd4 Qb6 19. Nf5 Qxe3+ 20. Nxe3 d5 21. Nf2 Bc5 22. Neg4 Ke7 23. Kh1 f6 24. Rae1 Rf8 25. c3 Kd6 26. Bc2 e5 27. fxe5+ fxe5 28. Ne4+ dxe4 29. Rxf8 Bxg4 30. Bxe4 Ne7 31. hxg4 Rxg4 32. Rf6+ Kc7 33. Rh6 Bf2 34. Re2 Bg3 35. Bf3 Rc4 36. Rxa6 Rh4+ 37. Kg1 Nf5 38. Re4 Bh2+ 39. Kf2 Bg3+ 40. Ke2 Bf4 41. Kd3 Nd6 42. g3 Nxe4 43. Ra7+ Kb6 44. Rb7+ Kxb7 45. Bxe4+ Kc7 46. gxh4 Kb6 47. h5 Kc5 48. b3 b4 49. cxb4+ Kxb4 50. a4 Bh6 51. Bg6 Bf4 52. Ke4 Ka5 53. Bf7 Kb4 54. Bc4 Ka5 55. Kf5 Kb4 56. Kg6 Bd2 57. h6 e4 58. h7 Bc3 59. Kf7 e3 60. Kg8 e2 61. Bxe2 Kxb3 62. Bb5 Kb4 63. h8Q Bxh8 64. Kxh8 Ka5 65. Kg7 Kb6 66. Kf7 Kc5 67. Ke6 Kb6 68. Kd6 Kb7 69. Kc5 Ka7 70. Kc6 Kb8 71. Kb6 Ka8 72. Bc6+ Kb8 73. a5 Kc8 74. a6 Kb8 75. a7+ 1-0

[Event "Winnipeg TNT February op"]
[Site "Winnipeg"]
[Date "2014.02.04"]
[Round "1.4"]
[White "Raihman, Daniel"]
[Black "Platt, Alex"]
[Result "0-1"]
[WhiteElo "1675"]
[BlackElo "2014"]
[PlyCount "84"]
[EventDate "2014.02.04"]
[EventType "swiss"]
[EventRounds "4"]
[EventCountry "CAN"]
[SourceTitle "EXT 2022"]
[Source "ChessBase"]
[SourceDate "2021.10.06"]
[SourceVersion "1"]
[SourceVersionDate "2021.10.06"]
[SourceQuality "1"]

1. e4 Nf6 2. Nc3 d5 3. d3 d4 4. e5 dxc3 5. exf6 cxb2 6. Bxb2 exf6 7. Qd2 Be6 8. Ne2 Be7 9. Nf4 0-0 10. g3 Bd5 11. Bg2 Bxg2 12. Nxg2 Qd5 13. 0-0 c5 14. c4 Qd7 15. Ne3 Na6 16. Nd5 Nc7 17. Nf4 Bd6 18. Ne2 Be5 19. d4 cxd4 20. f4 Bd6 21. Bxd4 Bc5 22. Qb2 Ne6 23. Rad1 Nxd4 24. Rxd4 Bxd4+ 25. Qxd4 Qxd4+ 26. Nxd4 Rfd8 27. Nf5 Kf8 28. Rb1 b6 29. Rb2 Rd1+ 30. Kf2 Rc8 31. Ne3 Rd4 32. a4 Rc5 33. Rb5 Rxb5 34. axb5 Rd2+ 35. Kf3 Rxh2 36. Ke4 Re2 37. Kd3 Rxe3+ 38. Kxe3 Ke7 39. g4 Kd6 40. Kd4 h6 41. c5+ bxc5+ 42. Kc4 g6 0-1

[Event "Yanofsky Memorial op U1800"]
[Site "Winnipeg"]
[Date "2008.08.30"]
[Round "2"]
[White "Wiebe, Isaac"]
[Black "Raihman, Daniel"]
[Result "1/2-1/2"]
[WhiteElo "1373"]
[BlackElo "1742"]
[PlyCount "99"]
[EventDate "2008.08.29"]
[EventType "swiss"]
[EventRounds "5"]
[EventCountry "CAN"]
[SourceTitle "EXT 2019"]
[Source "ChessBase"]
[SourceDate "2018.10.10"]
[SourceVersion "1"]
[SourceVersionDate "2018.10.10"]
[SourceQuality "1"]

1. d4 d5 2. c4 Nf6 3. cxd5 Nxd5 4. e4 Nb6 5. Nc3 e6 6. f4 Bb4 7. a3 Be7 8. Nf3 0-0 9. Be3 N8d7 10. Bd3 c5 11. 0-0 cxd4 12. Bxd4 Nc5 13. Bc2 Qc7 14. b4 Ncd7 15. e5 Nd5 16. Nxd5 exd5 17. Qd3 g6 18. Bb3 Nb6 19. Rac1 Qd8 20. Bc5 Bf5 21. Qd4 Bxc5 22. Rxc5 Be6 23. Rfc1 Rc8 24. a4 Rxc5 25. bxc5 Nc8 26. c6 bxc6 27. Rxc6 Qa5 28. Qc5 Qxc5+ 29. Rxc5 Nb6 30. Nd4 Rc8 31. Nxe6 fxe6 32. Rxc8+ Nxc8 33. Kf2 Kf7 34. Ke3 Ke7 35. h4 Kd7 36. Kd4 Kc6 37. g4 Ne7 38. Bc2 Kb6 39. h5 gxh5 40. gxh5 h6 41. Bg6 Nc6+ 42. Kd3 Kc5 43. Bf7 Nd8 44. Be8 a5 45. Bd7 d4 46. f5 exf5 47. Bxf5 Nc6 48. e6 Ne7 49. Be4 Nc8 50. Bb7 1/2-1/2

[Event "Winnipeg TNT Aug op"]
[Site "Winnipeg"]
[Date "2007.08.28"]
[Round "4"]
[White "Raihman, Daniel"]
[Black "Evans, Brian"]
[Result "1-0"]
[WhiteElo "1780"]
[BlackElo "1495"]
[PlyCount "51"]
[EventDate "2007.08.07"]
[EventType "swiss"]
[EventRounds "4"]
[EventCountry "CAN"]
[SourceTitle "EXT 2019"]
[Source "ChessBase"]
[SourceDate "2018.10.10"]
[SourceVersion "1"]
[SourceVersionDate "2018.10.10"]
[SourceQuality "1"]

1. e4 c5 2. Nf3 d6 3. d4 cxd4 4. Nxd4 Nf6 5. Nc3 e6 6. Be3 a6 7. Qd2 Be7 8. 0-0-0 0-0 9. Be2 b5 10. Bf3 Bb7 11. a3 Nbd7 12. e5 Nd5 13. Nxd5 exd5 14. e6 Ne5 15. exf7+ Rxf7 16. Ne6 Qd7 17. Bxd5 Bxd5 18. Qxd5 Rc8 19. Qxe5 Qc6 20. Qc3 Qxc3 21. bxc3 Rxc3 22. Kb2 Bf6 23. Bd4 Bxd4 24. Nxd4 Rc4 25. Nf3 Rc6 26. Rhe1 1-0